000 00352 a2200157 4500
001 168512
020 _a
040 _cMagnum
100 _aChartier, Anne-Marie
240 1 0 _aDiscursos sobre a leitura - 1880/1980
_lpor
245 1 0 _aDiscursos sobre a leitura - 1880/1980
362 0 _a1899
440 1 _aÁtica
697 _aGERAL
942 _cBK
999 _c168512
_d168512